A course module for teaching literacy in the elementary grades through literature / (Record no. 69236)
[ view plain ]
| 000 -LEADER | |
|---|---|
| fixed length control field | 01748nam a22002897i 4500 |
| 003 - CONTROL NUMBER IDENTIFIER | |
| control field | URS |
| 005 - DATE AND TIME OF LATEST TRANSACTION | |
| control field | 20251001091330.0 |
| 008 - FIXED-LENGTH DATA ELEMENTS--GENERAL INFORMATION | |
| fixed length control field | 221227b |||||||| |||| 00| 0 eng d |
| 020 ## - INTERNATIONAL STANDARD BOOK NUMBER | |
| International Standard Book Number | 9786210421644 |
| Qualifying information | paperback |
| 040 ## - CATALOGING SOURCE | |
| Language of cataloging | eng |
| Transcribing agency | URS |
| Description conventions | rda |
| 050 14 - LIBRARY OF CONGRESS CALL NUMBER | |
| Classification number | LB 1575 |
| Item number | .B67 2021 |
| 100 1# - MAIN ENTRY--PERSONAL NAME | |
| Personal name | Bulusan, Ferdinand |
| Relator term | author |
| 245 10 - TITLE STATEMENT | |
| Title | A course module for teaching literacy in the elementary grades through literature / |
| Statement of responsibility, etc. | Ferdinand Bulusan, Ph.D., Marcelo Revines Raquepo, Irene Blanco-Hamada, Ph.D. ; Greg Tabios Pawilen, coordinator |
| 264 #1 - PRODUCTION, PUBLICATION, DISTRIBUTION, MANUFACTURE, AND COPYRIGHT NOTICE | |
| Place of production, publication, distribution, manufacture | Manila : |
| Name of producer, publisher, distributor, manufacturer | Rex Book Store , |
| Date of production, publication, distribution, manufacture, or copyright notice | [2021]. |
| 300 ## - PHYSICAL DESCRIPTION | |
| Extent | viii, 182 pages |
| Other physical details | some illustrations ; |
| Dimensions | 25 cm |
| 336 ## - CONTENT TYPE | |
| Source | rdacontent |
| Content type term | text |
| 337 ## - MEDIA TYPE | |
| Source | rdamedia |
| Media type term | unmediated |
| 338 ## - CARRIER TYPE | |
| Source | rdacarrier |
| Carrier type term | volume |
| 504 ## - BIBLIOGRAPHY, ETC. NOTE | |
| Bibliography, etc. note | Includes bibliographical references and index. |
| 520 ## - SUMMARY, ETC. | |
| Summary, etc. | "This module is a tone approaches to aid the beginning educational manager. It is designed to provide teachers with holistic concepts, approaches, techniques, and skills in reshaping the future today. Written in a simple, easy to understand language. A Course Module for Teaching English in the Elementary Grades (Language Arts) gives a straightforward guide to teachers in the elementary grades on how to engage in the educational profession with the major concepts needed in the modern classroom. From an understanding of the K to 12 curriculum to the instructional planning and preparing assessments, this module is nifty little handbook to anyone who seeks to become an effective educator." -- |
| 526 ## - STUDY PROGRAM INFORMATION NOTE | |
| Program name | BEED |
| 650 #0 - SUBJECT ADDED ENTRY--TOPICAL TERM | |
| Topical term or geographic name entry element | Literature |
| General subdivision | Study and teaching |
| 700 1# - ADDED ENTRY--PERSONAL NAME | |
| Personal name | Raquepo, Marcelo Revibes |
| Relator term | author |
| 700 1# - ADDED ENTRY--PERSONAL NAME | |
| Personal name | Blanco-Hamada, Irene |
| Relator term | author |
| 700 1# - ADDED ENTRY--PERSONAL NAME | |
| Personal name | Pawilen, Greg T. |
| Relator term | coordinator. |
| 942 ## - ADDED ENTRY ELEMENTS (KOHA) | |
| Koha item type | Filipiniana |
| Source of classification or shelving scheme | Library of Congress Classification |
| Withdrawn status | Source of classification or shelving scheme | Damaged status | Not for loan | Collection code | Home library | Current library | Shelving location | Date acquired | Total Checkouts | Full call number | Barcode | Date last seen | Koha item type | Copy number | Price effective from |
|---|---|---|---|---|---|---|---|---|---|---|---|---|---|---|---|
| Library of Congress Classification | Non-fiction | Morong College Library | Morong College Library | New Materials Shelf | 04/20/2023 | LB 1575 .B67 2021 | URSMOR-CL-28872 | 04/20/2023 | Filipiniana | ||||||
| Dewey Decimal Classification | Pililla College Library | Pililla College Library | Filipiniana Section | 05/11/2024 | 372.64 B67 2021 | URSPIL-6847 | 05/11/2024 | Filipiniana | 1 | 05/11/2024 | |||||
| Dewey Decimal Classification | Pililla College Library | Pililla College Library | Filipiniana Section | 05/11/2024 | 372.64 B67 2021 | URSPIL-6848 | 05/11/2024 | Filipiniana | 2 | 05/11/2024 | |||||
| Dewey Decimal Classification | Pililla College Library | Pililla College Library | Filipiniana Section | 05/11/2024 | 372.64 B67 2021 | URSPIL-6849 | 05/11/2024 | Filipiniana | 3 | 05/11/2024 |